01905cam a22004454i 4500003000900000005001700009008004100026035001800067040003300085049000900118082002100127100003300148245004000181264005900221300002700280336002100307337002500328338002300353505039700376526001000773526001000783526001000793526001000803526000800813526000800821526000800829526000800837526000800845526000800853526000800861650003600869910001800905942001400923949013400937994001401071596000601085999015701091980005501248952015601303PE-LiUPU20250731173437.0150616s r 000 0 d a(Sirsi) a5568 aPE-LiUPUbspacPE-LiUPUerda aPRUA04a248.894bM122211 aMcClendon, James W.,eautor.10aTeólogos Destacados del Siglo XX. 1aBuenos Aires :bCasa Bautista de Publicaciones,c1972. a75 páginas ;c19 cm. atext2rdacontent aunmediated2rdamedia avolume2rdacarrier0 aKarl Barth: Teólogo de la Nueva Reforma.- Reinhold Niebuhr: Profeta Norteamericano.- William Temple: Filósofo y Cristiano.- E.J. Carnell: Fundamentalista con una diferencia.- Emil Brunner: Teólogo de los Estudiantes.- Paul Tillich: Teólogo de Frontera Rudolf Bultmann: Mito en el Nuevo Testamento.- W.T Conner: ¿Qué Significa la Biblia?.- Austin Farrer: Discutiendo Acerca de Dios. aSEG42 aSEG41 aSEG40 aSEG39 aP94 aP87 aP86 aP85 aP77 aP76 aP3504aTEOLOGOS DESTACADOS - SIGLO XX. ajckbjvqcjck 2ddccBOOK a248.894 M12wDEWEYc1i39491lCCODEBUL1mBULp00.00r0sYtBOOKu19950917xTEOLOGIAzUNKNOWN0COMPRAo.STAFF. Colección General aC0bPEPRU a1 a248.894 M12wDEWEYc56610i39491d56610f2021-11-12g5lCCODEBUL1mBULq1r0sYtBOOKu2015-6-16xTEOLOGIAzUNKNOWN0COMPRAo.STAFF. Colección General 81gALBERTO SANCHEZ Responsable de Automatización r2025-12-03 00:00:00i6l0o248.894 M12p39491te1w2015-06-16xPGyBKzinventario-2023-12-13102ddc50708GENfP94aBULbBULcGENd2015-06-16eCOMPRA